[Event "Balkan-ch U16"]
[Site "Tornelo INT"]
[Date "2020.11.01"]
[Round "5"]
[White "Cani, Dejvi"]
[Black "Mitkov, Simeon Alekzander"]
[Result "1-0"]
[WhiteElo "1188"]
[BlackElo "1319"]
[PlyCount "127"]
[EventDate "2020.10.31"]
[EventType "swiss"]
[EventRounds "7"]
[EventCountry "NET"]
[SourceTitle "EXT 2023"]
[Source "ChessBase"]
[SourceDate "2022.10.05"]
[SourceVersion "1"]
[SourceVersionDate "2022.10.05"]
[SourceQuality "1"]

1. e4 c5 2. Nf3 e6 3. d4 cxd4 4. Nxd4 Nf6 5. Nc3 d6 6. Bd3 a6 7. 0-0 b5 8. a3 Bb7 9. Bg5 Be7 10. f4 h6 11. Bxf6 Bxf6 12. Nf3 Nd7 13. Qe2 0-0 14. Rad1 Qb6+ 15. Kh1 Rac8 16. Qd2 Nc5 17. Rde1 Nxd3 18. cxd3 a5 19. e5 dxe5 20. fxe5 Be7 21. Ne4 Bxe4 22. Rxe4 Qc6 23. Rg4 Kh8 24. Qf4 Qd5 25. Qg3 Rg8 26. Rd4 Qc5 27. Rd7 Rcd8 28. Rxd8 Rxd8 29. d4 Qc4 30. Nd2 Qc2 31. Rxf7 Bg5 32. Nf3 Qd1+ 33. Ng1 Qxd4 34. h3 Qh4 35. Qf3 Kg8 36. Rb7 Qf4 37. Rxb5 Qxf3 38. Nxf3 Bf4 39. Kg1 Rd1+ 40. Kf2 Rb1 41. g3 Bc1 42. b3 Bxa3 43. Nd4 Kf7 44. Rxa5 Bb2 45. Nf3 Bc3 46. Ra7+ Kg8 47. Rb7 Rd1 48. Ke3 Rd5 49. Ke4 g5 50. b4 Kf8 51. b5 Ba5 52. b6 Rb5 53. Rb8+ Ke7 54. b7 Bc7 55. Rh8 Rxb7 56. Rxh6 Rb4+ 57. Nd4 Bb6 58. Rxe6+ Kf7 59. Rd6 Bc5 60. Rd7+ Ke8 61. e6 Ra4 62. Ke5 Ra5 63. Nc6 Rb5 64. Rd8# 1-0

[Event "EU-ch Online U16"]
[Site "Tornelo INT"]
[Date "2020.09.19"]
[Round "5"]
[White "Ostlund, Joar"]
[Black "Cani, Dejvi"]
[Result "1/2-1/2"]
[WhiteElo "1691"]
[BlackElo "1188"]
[PlyCount "157"]
[EventDate "2020.09.18"]
[EventType "swiss (rapid)"]
[EventRounds "9"]
[EventCountry "NET"]
[SourceTitle "EXT 2023"]
[Source "ChessBase"]
[SourceDate "2022.10.05"]
[SourceVersion "1"]
[SourceVersionDate "2022.10.05"]
[SourceQuality "1"]
[WhiteTeam "Sweden"]
[BlackTeam "Albania"]
[WhiteTeamCountry "SWE"]
[BlackTeamCountry "ALB"]

1. d4 Nf6 2. c4 g6 3. Nc3 Bg7 4. e4 d6 5. Nf3 0-0 6. Be2 Nbd7 7. 0-0 c5 8. d5 b6 9. a3 Bb7 10. h3 a6 11. Be3 Nh5 12. Qc2 e6 13. Ng5 h6 14. dxe6 hxg5 15. exd7 Nf4 16. Bxf4 gxf4 17. Bg4 Bxc3 18. bxc3 Bc6 19. Rfd1 Qe7 20. Rab1 Rab8 21. f3 Bxd7 22. Bxd7 Qxd7 23. e5 Qe6 24. exd6 Rfd8 25. Qd3 Kg7 26. Rb2 a5 27. Re2 Qd7 28. Qd5 Re8 29. Rde1 Rxe2 30. Rxe2 Qf5 31. Qxf5 gxf5 32. Rd2 Rd8 33. d7 Kf8 34. Rd6 Ke7 35. Rxb6 Rxd7 36. Rc6 Rd1+ 37. Kh2 Ra1 38. Rxc5 Rxa3 39. Rxf5 Rxc3 40. Rxf4 a4 41. c5 a3 42. Ra4 Kd7 43. h4 Kc6 44. Ra5 Kd5 45. h5 Kc4 46. h6 Kb4 47. h7 Kxa5 48. h8Q Kb4 49. Qxc3+ Kxc3 50. c6 a2 51. c7 a1Q 52. c8Q+ Kd3 53. Qd7+ Ke2 54. Qb5+ Kf2 55. Qc5+ Ke2 56. Qc4+ Kf2 57. Qc2+ Ke3 58. Qc5+ Ke2 59. Qh5 Kf2 60. Qh4+ Ke2 61. Qe4+ Kf2 62. Qh4+ Ke2 63. Qe7+ Kf2 64. Qh4+ Ke2 65. Qg3 Qh8+ 66. Qh3 Qe5+ 67. Qg3 Qh8+ 68. Qh3 Qe5+ 69. Qg3 Qh8+ 70. Kg1 Qa1+ 71. Kh2 Qh8+ 72. Kg1 Qa1+ 73. Kh2 Qh8+ 74. Qh3 Qe5+ 75. Qg3 Qh8+ 76. Qh3 Qe5+ 77. Qg3 Qh8+ 78. Qh3 Qe5+ 79. Qg3 1/2-1/2

[Event "EU-ch Online U16"]
[Site "Tornelo INT"]
[Date "2020.09.19"]
[Round "6"]
[White "Ratnesan, Ranesh"]
[Black "Cani, Dejvi"]
[Result "1-0"]
[WhiteElo "1905"]
[BlackElo "1188"]
[PlyCount "71"]
[EventDate "2020.09.18"]
[EventType "swiss (rapid)"]
[EventRounds "9"]
[EventCountry "NET"]
[SourceTitle "EXT 2023"]
[Source "ChessBase"]
[SourceDate "2022.10.05"]
[SourceVersion "1"]
[SourceVersionDate "2022.10.05"]
[SourceQuality "1"]
[WhiteTeam "England"]
[BlackTeam "Albania"]
[WhiteTeamCountry "ENG"]
[BlackTeamCountry "ALB"]

1. d4 Nf6 2. Bg5 d5 3. e3 e6 4. c3 Be7 5. Nd2 0-0 6. Bd3 b6 7. Qe2 c5 8. Ngf3 Bb7 9. Ne5 h6 10. Bh4 Nc6 11. f4 Nd7 12. Bg3 Ndxe5 13. fxe5 f6 14. exf6 Bxf6 15. Nf3 cxd4 16. exd4 Qe7 17. 0-0 Rae8 18. Rae1 Kh8 19. Bb1 a6 20. Qd3 g5 21. Bd6 Qg7 22. Bxf8 Rxf8 23. Ne5 Nxe5 24. dxe5 Be7 25. Rxf8+ Bxf8 26. b4 a5 27. a3 axb4 28. axb4 g4 29. Rf1 Be7 30. Qb5 Kg8 31. Qe8+ Bf8 32. Qxe6+ Kh8 33. Rf7 Bc8 34. Qe8 Qxf7 35. Qxf7 Bg7 36. Qe8+ 1-0

[Event "EU-ch Online U16"]
[Site "Tornelo INT"]
[Date "2020.09.18"]
[Round "1"]
[White "Cani, Dejvi"]
[Black "Padurariu, Mihai Edward"]
[Result "0-1"]
[WhiteElo "1188"]
[BlackElo "1951"]
[PlyCount "44"]
[EventDate "2020.09.18"]
[EventType "swiss (rapid)"]
[EventRounds "9"]
[EventCountry "NET"]
[SourceTitle "EXT 2023"]
[Source "ChessBase"]
[SourceDate "2022.10.05"]
[SourceVersion "1"]
[SourceVersionDate "2022.10.05"]
[SourceQuality "1"]
[WhiteTeam "Albania"]
[BlackTeam "Romania"]
[WhiteTeamCountry "ALB"]
[BlackTeamCountry "ROU"]

1. d4 d5 2. c4 e6 3. Nf3 c5 4. e3 cxd4 5. exd4 Nf6 6. Be2 dxc4 7. Bxc4 Bb4+ 8. Bd2 Bxd2+ 9. Nbxd2 0-0 10. 0-0 b6 11. Rc1 Bb7 12. h3 Nc6 13. Nb3 Ne7 14. Nh2 Nf5 15. Ng4 Nd5 16. Re1 Nf4 17. Bf1 h5 18. Ne3 Qg5 19. d5 Nxh3+ 20. Kh2 Qf4+ 21. g3 Qxf2+ 22. Bg2 Qxg3+ 0-1

[Event "EU-ch Online U16"]
[Site "Tornelo INT"]
[Date "2020.09.18"]
[Round "3"]
[White "Cani, Dejvi"]
[Black "Rasti, Arvin"]
[Result "0-1"]
[WhiteElo "1188"]
[BlackElo "2002"]
[PlyCount "60"]
[EventDate "2020.09.18"]
[EventType "swiss (rapid)"]
[EventRounds "9"]
[EventCountry "NET"]
[SourceTitle "EXT 2023"]
[Source "ChessBase"]
[SourceDate "2022.10.05"]
[SourceVersion "1"]
[SourceVersionDate "2022.10.05"]
[SourceQuality "1"]
[WhiteTeam "Albania"]
[BlackTeam "Sweden"]
[WhiteTeamCountry "ALB"]
[BlackTeamCountry "SWE"]

1. e4 c5 2. Nf3 d6 3. d4 cxd4 4. Nxd4 Nf6 5. Nc3 g6 6. g3 Bg7 7. Bg2 0-0 8. 0-0 Nc6 9. Be3 Ng4 10. Nxc6 Nxe3 11. Nxd8 Nxd1 12. Raxd1 Rxd8 13. Nd5 Kf8 14. b3 Bd7 15. f4 Rac8 16. c4 b5 17. Rc1 bxc4 18. Rxc4 Rxc4 19. bxc4 Rc8 20. Rb1 e6 21. Ne3 Bd4 22. Kf2 Rxc4 23. Ke2 Ra4 24. Rd1 Rxa2+ 25. Rd2 Bb5+ 26. Ke1 Bc3 27. Nf1 Bxf1 28. Bxf1 Rxd2 29. h4 a5 30. Bb5 Rb2+ 0-1

[Event "Ohrid Lasker U20 op"]
[Site "Ohrid"]
[Date "2019.10.13"]
[Round "7"]
[White "Cani, Dejvi"]
[Black "Baxhia, Irvin"]
[Result "0-1"]
[WhiteElo "1227"]
[BlackElo "1095"]
[PlyCount "134"]
[EventDate "2019.10.10"]
[EventType "swiss"]
[EventRounds "7"]
[EventCountry "MKD"]
[SourceTitle "CBM 192 Extra"]
[Source "Chessbase"]
[SourceDate "2019.11.06"]
[SourceVersion "1"]
[SourceVersionDate "2019.11.06"]
[SourceQuality "1"]

1. d4 d5 2. c4 e6 3. Nf3 Nf6 4. e3 b6 5. Be2 Be7 6. 0-0 0-0 7. Nc3 Nc6 8. Qc2 Re8 9. a3 a5 10. cxd5 exd5 11. Bb5 Bb7 12. Ne5 Qd6 13. Ne2 Nxe5 14. dxe5 Qxe5 15. Bxe8 Rxe8 16. Ng3 Bd6 17. Qc3 Qg5 18. f4 Qg6 19. f5 Qg4 20. Qd4 Ne4 21. Qd1 Qh4 22. Qh5 Bxg3 23. Qxh4 Bxh4 24. b4 Bf6 25. Ra2 Ba6 26. Rf3 Nc3 27. Raf2 Ne2+ 28. Rxe2 Bxe2 29. Rf2 Bc4 30. Bd2 d4 31. Rf4 dxe3 32. Bxe3 Rxe3 33. Rxc4 Rxa3 34. Rxc7 Kf8 35. bxa5 bxa5 36. Rc8+ Ke7 37. Rh8 h6 38. Ra8 Ra1+ 39. Kf2 a4 40. Ke2 a3 41. Ra7+ Kd6 42. Rxf7 a2 43. Ra7 Re1+ 44. Kxe1 a1Q+ 45. Rxa1 Bxa1 46. Ke2 Ke5 47. g4 Kf4 48. h3 Kg3 49. Ke3 Kxh3 50. Kf4 Kh4 51. Kf3 Kg5 52. Kg3 Be5+ 53. Kf3 Bd6 54. Ke4 Kxg4 55. Kd5 Kxf5 56. Kxd6 h5 57. Kd5 h4 58. Kd4 Kf4 59. Kd3 h3 60. Ke2 h2 61. Kf2 h1Q 62. Ke2 g5 63. Kf2 g4 64. Ke2 g3 65. Kd2 g2 66. Kd3 Qh3+ 67. Kc4 g1R 0-1

[Event "Struga Lake Queen op"]
[Site "Struga"]
[Date "2019.09.09"]
[Round "7"]
[White "Cani, Dejvi"]
[Black "Raftopoulos, Emmanouil"]
[Result "0-1"]
[WhiteElo "1179"]
[BlackElo "1299"]
[PlyCount "94"]
[EventDate "2019.09.07"]
[EventType "swiss"]
[EventRounds "7"]
[EventCountry "MKD"]
[SourceTitle "EXT 2021"]
[Source "ChessBase"]
[SourceDate "2020.10.23"]
[SourceVersion "1"]
[SourceVersionDate "2020.10.23"]
[SourceQuality "1"]

1. e4 d5 2. exd5 Nf6 3. Nf3 Nxd5 4. Bc4 Nb6 5. Bb3 Nc6 6. 0-0 Bf5 7. d4 e6 8. Re1 Be7 9. Bf4 h6 10. Nc3 Na5 11. h3 0-0 12. Qd2 Nbc4 13. Bxc4 Nxc4 14. Qe2 Nb6 15. a3 c6 16. Rad1 Nd5 17. Nxd5 Qxd5 18. c4 Qa5 19. d5 cxd5 20. cxd5 Bf6 21. d6 Rfd8 22. Ne5 Rac8 23. Rd2 Qa4 24. Bg3 Bg5 25. f4 Bxf4 26. Bxf4 Qxf4 27. Rf1 Qg5 28. Kh2 f6 29. Nf3 Qf4+ 30. Kh1 Qc4 31. Re1 Qxe2 32. Rexe2 Rc6 33. g4 Bg6 34. Rxe6 Rd7 35. h4 Kf7 36. Re7+ Rxe7 37. d7 Re8 38. d8Q Rxd8 39. Rxd8 Ke7 40. Rg8 Kf7 41. Rb8 Rc7 42. Nd4 Be4+ 43. Kh2 Rd7 44. Nb5 a6 45. Nc3 Bc6 46. Kg3 Rd3+ 47. Kf4 Rf3# 0-1

[Event "Struga Lake Queen op"]
[Site "Struga"]
[Date "2019.09.09"]
[Round "6"]
[White "Zlatkov, Anton"]
[Black "Cani, Dejvi"]
[Result "1-0"]
[WhiteElo "1767"]
[BlackElo "1179"]
[PlyCount "69"]
[EventDate "2019.09.07"]
[EventType "swiss"]
[EventRounds "7"]
[EventCountry "MKD"]
[SourceTitle "EXT 2021"]
[Source "ChessBase"]
[SourceDate "2020.10.23"]
[SourceVersion "1"]
[SourceVersionDate "2020.10.23"]
[SourceQuality "1"]

1. e4 e5 2. Nf3 Nc6 3. d4 exd4 4. Bc4 Be7 5. 0-0 d6 6. Nxd4 Nf6 7. Nc3 0-0 8. f3 Ne5 9. Be2 Bd7 10. f4 Nc6 11. Be3 Nxd4 12. Bxd4 Bc6 13. Bd3 Nd7 14. Qe2 Bf6 15. e5 Re8 16. Bxh7+ Kxh7 17. Qh5+ Kg8 18. exf6 Nxf6 19. Qg5 Be4 20. Nb5 c5 21. Bxf6 Qxf6 22. Qxf6 gxf6 23. Nc7 Bxc2 24. Nxa8 Rxa8 25. Rac1 Bg6 26. Rfd1 Re8 27. Rxd6 Re2 28. Rxc5 Rxb2 29. Ra5 Be4 30. g3 Rg2+ 31. Kf1 Rxh2 32. Rxa7 Rg2 33. Ra3 f5 34. Rd4 Kg7 35. Rxe4 1-0